| 000 | 00355nam a2200133Ia 4500 | ||
|---|---|---|---|
| 008 | 240624s9999 xx 000 0 und d | ||
| 041 | _aeng | ||
| 082 | _a658.45 McK | ||
| 100 | _aMCKINLEY MARY M | ||
| 245 | _aETHICS IN MARKETING AND COMMUNICATIONS T | ||
| 260 |
_c2012 _aNew York _bPalgrave Macmillan |
||
| 300 | _axi, 130 p.; 22 cm. | ||
| 365 |
_cBPS _b38 |
||
| 999 |
_c29044 _d29044 |
||